<?xml version="1.0" encoding="UTF-8"?>
<collection xmlns="http://www.loc.gov/MARC21/slim">
 <record>
  <leader>00365pamaa2200109   4500</leader>
  <controlfield tag="001">0000023374</controlfield>
  <controlfield tag="005">20090114090000.0</controlfield>
  <datafield tag="090" ind1="0" ind2="0">
   <subfield code="a">HF5429 </subfield>
   <subfield code="b">KAN 1998</subfield>
  </datafield>
  <datafield tag="245" ind1="0" ind2="0">
   <subfield code="a">KANCIL 97/98  </subfield>
   <subfield code="c">Association Of Accredited Advertising Agents Malaysia.</subfield>
  </datafield>
  <datafield tag="260" ind1="0" ind2="0">
   <subfield code="a">Kuala Lumpur: </subfield>
   <subfield code="b">Association Of Accredited Advertising Agents Malaysia, </subfield>
   <subfield code="c">1998.</subfield>
  </datafield>
  <datafield tag="300" ind1=" " ind2=" ">
   <subfield code="a">1 Compact disk; </subfield>
   <subfield code="c">4.5 in.</subfield>
  </datafield>
  <datafield tag="650" ind1="0" ind2="0">
   <subfield code="a">Advertising </subfield>
  </datafield>
 </record>
</collection>
